Efectos del uso de intercambiadores de calor en un sistema de refrigeración.

Zapisane w:
Opis bibliograficzny
1. autor: Espeleta Villalobos, Rolando
Format: Książka
Wydane: San José, Costa Rica 1990
Hasła przedmiotowe:
Etykiety: Dodaj etykietę
Nie ma etykietki, Dołącz pierwszą etykiete!

MARC

LEADER 00000nam a2200000Ia 4500
003 006009
005 20221231144317.0
008 140114s1990 CR a m 000 ||S d
040 |c cru CEDI 
090 |a TFG 2714 
100 |a Espeleta Villalobos, Rolando  |9 12134 
245 |a Efectos del uso de intercambiadores de calor en un sistema de refrigeración. 
260 |c 1990  |a San José, Costa Rica 
300 |a  xvi, 90 páginas : ilustracione 
500 |a  Tesis (licenciatura en ingeniería mecánica)--Universidad de Costa Rica. Facultad de Ingeniería. Escuela de Ingeniería Mecánica 
650 |x REFRIGERACION - EQUIPO Y ACCESORIOS  |9 8418 
942 |c TFG 
999 |c 19957  |d 19957